Paese dal retro della moneta da €1 Euro - Statistics

Statistiche generali
  • Questo quiz è stato fatto 77 volte
  • Il punteggio medio è 19 su 25
Statistiche sulle risposte
con Immagini Risposta % Corretto
Italia
100%
Spagna
98%
Città del Vaticano
97%
Francia
97%
San Marino
95%
Germania
92%
Lituania
92%
Andorra
91%
Malta
83%
Austria
82%
Estonia
80%
Paesi Bassi
80%
Grecia
77%
Lettonia
77%
Monaco
77%
Lussemburgo
76%
Slovacchia
76%
Irlanda
71%
Slovenia
65%
Portogallo
61%
Croazia
58%
Belgio
48%
Bulgaria
39%
Cipro
36%
Finlandia
30%
Nessun quiz corrispondente trovato
Distribuzione punteggi
Percentuale di utenti per punteggio
Percentile per numero di risposta
I tuoi punteggi nel tempo
Non hai fatto questo quiz